| 000 | 00694nam a2200217 a 4500 | ||
|---|---|---|---|
| 001 | 000023788 | ||
| 005 | 20260508134417.0 | ||
| 008 | 110113s1963 txua r 000 0 spa d | ||
| 040 |
_aDO-SdBNP _bspa _cBNPHU |
||
| 082 |
_a291.44 _bE79d |
||
| 100 | 1 |
_aEstes, Susan _948964 |
|
| 245 | 1 | 0 |
_aDoce programas de adoración dramatizados / _cSusan Estes ; traducción por Donald Levy. |
| 260 |
_aTexas, Estados Unidos : _bCasa Bautista de Publicaciones, _c1963. |
||
| 300 |
_a100 p. : _bil. ; _c19 cm. |
||
| 650 | 0 |
_aVida espiritual _9268 |
|
| 650 | 4 |
_aAdoración (educación religiosa) _9681 |
|
| 650 | 4 |
_aOración _9270 |
|
| 650 | 0 |
_aFe _91024 |
|
| 700 | 1 |
_aLevy, Donald _etr. _948965 |
|
| 049 | _aBNGR | ||
| 999 |
_c23284 _d23284 |
||